Assur - der Gott, seine Stadt und sein Reich
| Main Author: | |
|---|---|
| Contributors: | |
| Format: | Print Article |
| Language: | German |
| Check availability: | HBZ Gateway |
| Interlibrary Loan: | Interlibrary Loan for the Fachinformationsdienste (Specialized Information Services in Germany) |
| Published: |
1994
|
| In: | In: memoriam Alfred Rupp (1930 - 1993) (1994), Seite 227-238 |
| Standardized Subjects / Keyword chains: | B
Assyria
/ History 1700 BC-637 BC
B Mesopotamia / Religion |
| RelBib Classification: | BC Ancient Orient; religion HH Archaeology TC Pre-Christian history ; Ancient Near East |
| Further subjects: | B
Rupp, Alfred 1930-1993
B Assur |
| Parallel Edition: | Non-electronic
|
MARC
| LEADER | 00000naa a22000002c 4500 | ||
|---|---|---|---|
| 001 | 1588905004 | ||
| 003 | DE-627 | ||
| 005 | 20190311190106.0 | ||
| 007 | tu | ||
| 008 | 190311s1994 xx ||||| 00| ||ger c | ||
| 035 | |a (DE-627)1588905004 | ||
| 035 | |a (DE-576)518905004 | ||
| 035 | |a (DE-599)BSZ518905004 | ||
| 040 | |a DE-627 |b ger |c DE-627 |e rakwb | ||
| 041 | |a ger | ||
| 084 | |a 1 |2 ssgn | ||
| 100 | 1 | |0 (DE-588)1032963891 |0 (DE-627)739801295 |0 (DE-576)380424762 |4 aut |a Mayer, Walter |d 1941-2019 | |
| 109 | |a Mayer, Walter 1941-2019 | ||
| 245 | 1 | 0 | |a Assur - der Gott, seine Stadt und sein Reich |
| 264 | 1 | |c 1994 | |
| 336 | |a Text |b txt |2 rdacontent | ||
| 337 | |a ohne Hilfsmittel zu benutzen |b n |2 rdamedia | ||
| 338 | |a Band |b nc |2 rdacarrier | ||
| 601 | |a Assur Gott | ||
| 651 | 7 | |0 (DE-588)4003281-4 |0 (DE-627)104624124 |0 (DE-576)208850988 |a Assur |2 gnd | |
| 652 | |a BC:HH:TC | ||
| 689 | 0 | 0 | |d g |0 (DE-588)4003285-1 |0 (DE-627)10639004X |0 (DE-576)208851011 |2 gnd |a Assyrien |
| 689 | 0 | 1 | |q z |2 gnd |a Geschichte v1700-v637 |
| 689 | 0 | |5 (DE-627) | |
| 689 | 1 | 0 | |d g |0 (DE-588)4038788-4 |0 (DE-627)106230603 |0 (DE-576)20903209X |2 gnd |a Mesopotamien |
| 689 | 1 | 1 | |d s |0 (DE-588)4049396-9 |0 (DE-627)106187155 |0 (DE-576)209081880 |2 gnd |a Religion |
| 689 | 1 | |5 (DE-627) | |
| 700 | 1 | |e GefeierteR |0 (DE-588)119209144 |0 (DE-627)080007708 |0 (DE-576)16282288X |4 hnr |a Rupp, Alfred |d 1930-1993 | |
| 773 | 0 | 8 | |i In |a memoriam Alfred Rupp (1930 - 1993) |g (1994), Seite 227-238 |
| 773 | 1 | 8 | |g year:1994 |g pages:227-238 |
| 776 | |i Erscheint auch als |n Druckausgabe |w (DE-627)1534484604 |k Non-Electronic | ||
| 935 | |a BIIN | ||
| 951 | |a AR | ||
| BIB | |a 1 | ||
| ELC | |b 1 | ||
| LOK | |0 000 xxxxxcx a22 zn 4500 | ||
| LOK | |0 001 3058513275 | ||
| LOK | |0 003 DE-627 | ||
| LOK | |0 004 1588905004 | ||
| LOK | |0 005 20190311190106 | ||
| LOK | |0 008 190311||||||||||||||||ger||||||| | ||
| LOK | |0 035 |a (DE-Tue135-1)62099 | ||
| LOK | |0 040 |a DE-Tue135-1 |c DE-627 |d DE-Tue135-1 | ||
| LOK | |0 852 |a DE-Tue135-1 | ||
| LOK | |0 852 1 |c FTHAT030927/MRW |m p |9 00 | ||
| LOK | |0 852 2 |b F 61 |9 00 | ||
| LOK | |0 935 |a iFSA | ||
| LOK | |0 936ln |0 1442044187 |a HH | ||
| LOK | |0 936ln |0 1442043377 |a BC | ||
| LOK | |0 936ln |0 1442053569 |a TC | ||
| LOK | |0 938 |k p | ||
| LOK | |0 939 |a 11-03-19 |b l12 | ||
| ORI | |a SA-MARC-ixtheoa001.raw | ||
| REF | |a Religionsgeschichte | ||
| REL | |a 1 | ||
| STA | 0 | 0 | |a Assyria,Mesopotamia,Mesopotamia,Northern Mesopotamia,Religion,Religions,Religion,Religion in literature |
| STB | 0 | 0 | |a Religion,Religions,Religion |
| STC | 0 | 0 | |a Religión,Religión,Religión |
| STD | 0 | 0 | |a Religione,Religione,Religione |
| STE | 0 | 0 | |a 宗教,宗教 |
| STF | 0 | 0 | |a 宗教,宗教 |
| STG | 0 | 0 | |a Religião,Religião |
| STH | 0 | 0 | |a Религия (мотив),Религия |
| STI | 0 | 0 | |a Θρησκεία (μοτίβο),Θρησκεία |
| SUB | |a BIB |a REL | ||
| SYF | 0 | 0 | |a Asschur |
| SYG | 0 | 0 | |a Assyrisches Reich,Reich Assur , Zweistromland,Zwischenstromland , Religion,Mystik,Mythologie |
| TIM | |a 099983000101_099993631231 |b Geschichte v1700-v637 | ||



